000 00327nam a2200145Ia 4500
008 230718s9999 xx 000 0 und d
041 _aEng.
082 _a346.002
_bBAS-T
100 _aBashir, Majid
245 4 _aThe Minor Act
260 _aPakistan
_bIrfan law book
_c2008
300 _a1819
650 _aLaw
999 _c27804
_d27804